Δεν είναι τελικά ο Ρήγας ο συγγραφέας των "Ανέκδοτων κειμένων" με την κωμωδία "Το σαγανάκι της τρέλλας" :
Saved in:
| Main Author: | |
|---|---|
| Format: | Book |
| Language: | Greek |
| Published: |
Αθήνα :
Επιστημονική Εταιρεία Μελέτης Φερών-Βελεστίνου-Ρήγα,
2012
|
| Subjects: | |
| Tags: |
Add Tag
No Tags, Be the first to tag this record!
|
MARC
| LEADER | 00000cam a2200000 i 4500 | ||
|---|---|---|---|
| 001 | 1/23930 | ||
| 008 | 121109s2012 gre d | ||
| 020 | |a 978-960-6733-15-4 | ||
| 035 | |l 10113339 | ||
| 040 | |a GR-MY-UA |b gre |e aacr | ||
| 041 | 0 | |a gre | |
| 082 | 0 | |a 889.092 |2 (22) | |
| 100 | 1 | |a Καραμπερόπουλος, Δημήτριος Απ., |d 1945- | |
| 245 | 1 | 0 | |a Δεν είναι τελικά ο Ρήγας ο συγγραφέας των "Ανέκδοτων κειμένων" με την κωμωδία "Το σαγανάκι της τρέλλας" : |h [ανάτυπο] / |c Δημήτριος Καραμπερόπουλος. |
| 260 | |a Αθήνα : |b Επιστημονική Εταιρεία Μελέτης Φερών-Βελεστίνου-Ρήγα, |c 2012 | ||
| 300 | |a 23 σ.; |c 24 εκ. | ||
| 600 | 0 | 0 | |a Ρήγας Βελεστινλής, |d 1757-1798. |
| 650 | 0 | 0 | |a Greek literature. |
| 852 | |a INST |b RHODES |e 20121109 |h 889.092 ΚΑΡ |p 005400034738 |q 005400034738 |t BK |y 0 | ||
| 901 | |a BIBL4-2012-3 | ||
| 909 | |a Ρ |b 171051 | ||
| 970 | |z 2012/11/09 | ||